[Event "Aragon-chT Preferente Gr II"]
[Site "Aragon"]
[Date "2018.02.24"]
[Round "5.69"]
[White "Cajo Esteban, Ruben"]
[Black "Fabre Perez, Jose Maria"]
[Result "0-1"]
[WhiteElo "1892"]
[BlackElo "1943"]
[PlyCount "66"]
[EventDate "2018.01.27"]
[EventType "team-tourn"]
[EventRounds "9"]
[EventCountry "ESP"]
[SourceTitle "EXT 2019"]
[Source "ChessBase"]
[SourceDate "2018.10.10"]
[SourceVersion "1"]
[SourceVersionDate "2018.10.10"]
[SourceQuality "1"]
[WhiteTeam "Dr Azua"]
[BlackTeam "Marcos Frechin II"]
[WhiteTeamCountry "ESP"]
[BlackTeamCountry "ESP"]

1. d4 d5 2. Nf3 Nf6 3. c4 e6 4. Nc3 Be7 5. Bf4 0-0 6. e3 Nbd7 7. cxd5 exd5 8. Bd3 c6 9. h3 Nb6 10. 0-0 Nc4 11. Qc2 Bd6 12. Bxd6 Nxd6 13. Ne5 g6 14. Na4 Nfe4 15. Nc5 Qe7 16. b4 Ng5 17. Kh2 f6 18. Nf3 Nxf3+ 19. gxf3 b6 20. Nb3 Qd7 21. Rh1 Qxh3+ 22. Kg1 Qxf3 23. Qxc6 Bf5 24. Bxf5 Nxf5 25. Qe6+ Kg7 26. Rh2 Rae8 27. Qc6 Re4 28. Qd7+ Rf7 29. Qb5 Rg4+ 30. Kf1 Nxe3+ 31. Ke1 Rg1+ 32. Kd2 Nc4+ 33. Kc2 Qe2+ 0-1

[Event "Aragon-chT Preferente Gr II"]
[Site "Aragon"]
[Date "2018.02.10"]
[Round "3.69"]
[White "Antonano Fedz Quincoces, Avelino"]
[Black "Cajo Esteban, Ruben"]
[Result "1-0"]
[WhiteElo "2042"]
[BlackElo "1892"]
[PlyCount "43"]
[EventDate "2018.01.27"]
[EventType "team-tourn"]
[EventRounds "9"]
[EventCountry "ESP"]
[SourceTitle "EXT 2019"]
[Source "ChessBase"]
[SourceDate "2018.10.10"]
[SourceVersion "1"]
[SourceVersionDate "2018.10.10"]
[SourceQuality "1"]
[WhiteTeam "St Casablanca III"]
[BlackTeam "Dr Azua"]
[WhiteTeamCountry "ESP"]
[BlackTeamCountry "ESP"]

1. e4 e5 2. Nf3 Nf6 3. Nxe5 d6 4. Nf3 Nxe4 5. Nc3 Bf5 6. Qe2 Qe7 7. Nd5 Qd7 8. d3 Nc6 9. dxe4 Bg4 10. Be3 0-0-0 11. 0-0-0 Re8 12. Qc4 Re6 13. h3 Bh5 14. Nf4 Bxf3 15. gxf3 Ne5 16. Qc3 Rh6 17. Nd5 Rh4 18. Bxa7 Nc6 19. Bb6 f5 20. Bxc7 Qe6 21. Bb5 fxe4 22. Bxc6 1-0

[Event "Aragon-chT Preferente B"]
[Site "Aragon"]
[Date "2017.02.18"]
[Round "4.54"]
[White "Cajo Esteban, Ruben"]
[Black "Aranda Lozano, Jorge"]
[Result "1-0"]
[WhiteElo "1867"]
[BlackElo "1653"]
[PlyCount "71"]
[EventDate "2017.01.28"]
[EventType "team-tourn"]
[EventRounds "9"]
[EventCountry "ESP"]
[SourceTitle "EXT 2018"]
[Source "ChessBase"]
[SourceDate "2017.10.13"]
[SourceVersion "1"]
[SourceVersionDate "2017.10.13"]
[SourceQuality "1"]
[WhiteTeam "Doctor Azua"]
[BlackTeam "Delicias II"]
[WhiteTeamCountry "ESP"]
[BlackTeamCountry "ESP"]

1. d4 Nf6 2. Nf3 e6 3. c4 Bb4+ 4. Nc3 0-0 5. Bd2 d5 6. e3 Nbd7 7. Bd3 dxc4 8. Bxc4 b6 9. 0-0 Bb7 10. Ne4 Bxd2 11. Nxf6+ Qxf6 12. Nxd2 c5 13. Nb3 Qg5 14. g3 Rfd8 15. Qe2 cxd4 16. Nxd4 Nc5 17. f3 h5 18. b4 Nd7 19. Rac1 a5 20. b5 Nc5 21. Nb3 Rac8 22. Rfd1 Rxd1+ 23. Rxd1 h4 24. Kg2 hxg3 25. hxg3 Qg4 26. Nxc5 Rxc5 27. Rd8+ Kh7 28. Bd3+ g6 29. a4 Qg5 30. Rd7 Bd5 31. e4 Ba8 32. Rxf7+ Kh6 33. Ra7 Rc8 34. Qb2 Qd8 35. Qg7+ Kg5 36. f4+ 1-0

[Event "Aragon-chT Autonomico"]
[Site "Aragon"]
[Date "2007.02.03"]
[Round "2"]
[White "Cajo Esteban, Ruben"]
[Black "Ananos Palacios, David"]
[Result "1/2-1/2"]
[WhiteElo "1776"]
[BlackElo "2009"]
[PlyCount "42"]
[EventDate "2007.01.27"]
[EventType "team"]
[EventRounds "9"]
[EventCountry "ESP"]
[SourceTitle "EXT 2008"]
[Source "ChessBase"]
[SourceDate "2007.11.25"]
[SourceVersion "1"]
[SourceVersionDate "2007.11.25"]
[SourceQuality "1"]
[WhiteTeam "Aragon UGT"]
[BlackTeam "St Casablanca III"]
[WhiteTeamCountry "ESP"]
[BlackTeamCountry "ESP"]

1. d4 Nf6 2. Nf3 e6 3. c3 c5 4. e3 d5 5. Nbd2 Nbd7 6. Bd3 Bd6 7. 0-0 b6 8. e4 cxd4 9. Nxd4 Bb7 10. Re1 0-0 11. Qc2 Ne5 12. exd5 Nxd3 13. Qxd3 Bxd5 14. Nc4 Bxh2+ 15. Kxh2 Qc7+ 16. Qg3 Qxg3+ 17. Kxg3 Bxc4 18. b3 Bd5 19. f3 Rac8 20. Bb2 Rfd8 21. Rad1 a6 1/2-1/2

[Event "ESP Delicias op"]
[Site "Spain"]
[Date "2004.09.15"]
[Round "5"]
[White "Cajo Esteban, Ruben"]
[Black "Villuendas Valero, Adrian"]
[Result "1/2-1/2"]
[WhiteElo "1912"]
[BlackElo "2092"]
[PlyCount "37"]
[EventDate "2004.09.12"]
[EventType "swiss"]
[EventRounds "9"]
[EventCountry "ESP"]
[SourceTitle "EXT 2006"]
[Source "ChessBase"]
[SourceDate "2005.11.24"]
[SourceVersion "1"]
[SourceVersionDate "2005.11.24"]
[SourceQuality "1"]

1. d4 d5 2. Nf3 Nf6 3. c4 e6 4. Nc3 c6 5. Bg5 dxc4 6. a4 Bb4 7. e3 b5 8. Be2 Bb7 9. 0-0 a6 10. Ne5 Nbd7 11. Qc2 Qc7 12. f4 Bxc3 13. bxc3 Nd5 14. Qd2 f6 15. e4 0-0 16. exd5 fxe5 17. dxe6 Nf6 18. fxe5 Nd5 19. Bf3 1/2-1/2